OECD Journal of competition law and policy

Gespeichert in:
Bibliographische Detailangaben
Format: Schriftenreihe
Sprache:Englisch
Veröffentlicht: Paris OECD
Schriftenreihe:OECD journal
Schlagworte:
Tags: Tag hinzufügen
Keine Tags, Fügen Sie das erste Tag hinzu!

MARC

LEADER 00000nas1a2200000 4500
001 s123765
005 20230525140326.5
022 |a 1560-7771 
041 0 |a eng 
044 |a FR 
245 1 0 |a OECD Journal of competition law and policy 
264 1 |a Paris  |b OECD 
490 1 |a OECD journal 
830 0 |a OECD journal 
610 2 0 |a konkurencia 
610 2 0 |a právo